Los secretos de las obras de arte
I tiakina i:
| Ngā kaituhi matua: | , |
|---|---|
| Hōputu: | Pukapuka |
| Reo: | Pāniora |
| I whakaputaina: |
Colonia
Taschen
2005
|
| Putanga: | 1a. ed |
| Ngā marau: | |
| Ngā Tūtohu: |
Tāpirihia he Tūtohu
Kāore He Tūtohu, Me noho koe te mea tuatahi ki te tūtohu i tēnei pūkete!
|
MARC
| LEADER | 00000nam a2200000 a 4500 | ||
|---|---|---|---|
| 001 | UCH8772 | ||
| 003 | CL-VaPUC | ||
| 005 | 20240425125036.0 | ||
| 008 | 091211e20050000GW |||||||||||||||||spa|d | ||
| 999 | |c 338880 |d 338878 | ||
| 020 | |a 9783822847886 | ||
| 040 | |c Pontificia Universidad Católica de Valparaíso | ||
| 082 | 0 | 7 | |a 750.118 HAG 2005 |2 22 |
| 100 | |a Hagen, Rose-Marie |e author |9 557923 | ||
| 245 | 1 | 4 | |a Los secretos de las obras de arte |
| 250 | |a 1a. ed | ||
| 260 | |a Colonia |b Taschen |c 2005 | ||
| 300 | |a 2 t | ||
| 500 | |a Del tapiz de Bayeux a los murales de Diego Rivera | ||
| 583 | |a last modification |c 20091211 00:00:00 |k Rodrigo Vera | ||
| 650 | 0 | |a Pintura |9 265046 |v Composición artística | |
| 650 | 0 | |a Arte |9 265238 |v Interpretación |x Historia | |
| 700 | |a Hagen, Rainer |e author |9 557924 | ||
| 942 | |c BK |2 ddc | ||
| 945 | |d 20091211 00:00:00 |a cmena | ||
| 952 | |0 0 |1 0 |2 ddc |4 0 |6 750_118000000000000_HAG_2005 |7 0 |8 C |9 432150 |a BIBCUR |b BIBCUR |d 2019-11-22 |h t.1 |i 4582632 |l 1 |o 750.118 HAG 2005 |p 4582632 |r 2025-04-22 |s 2024-05-07 |w 2019-11-22 |y BK |k CAC | ||
| 952 | |0 0 |1 0 |2 ddc |4 0 |6 750_118000000000000_HAG_2005 |7 0 |8 C |9 432151 |a BIBCUR |b BIBCUR |d 2019-11-22 |h t.2 |i 4582640 |l 3 |o 750.118 HAG 2005 |p 4582640 |r 2025-04-22 |s 2024-07-31 |w 2019-11-22 |y BK |k CAC | ||